[Event "Bayern-chI Bank Hofmann 7th"]
[Site "Bad Wiessee"]
[Date "2003.11.12"]
[Round "5"]
[White "Atalik, Suat"]
[Black "Hertneck, Gerald"]
[Result "1/2-1/2"]
[WhiteElo "2570"]
[BlackElo "2524"]
[Annotator "Hertneck,G"]
[PlyCount "93"]
[EventDate "2003.11.08"]
[EventType "swiss"]
[EventRounds "9"]
[EventCountry "GER"]
[SourceTitle "EXT 2004"]
[Source "ChessBase"]
[SourceDate "2003.11.25"]
[SourceVersion "1"]
[SourceVersionDate "2003.11.25"]
[SourceQuality "1"]

1. d4 Nf6 2. c4 e6 3. Nc3 d5 4. Bg5 Be7 5. e3 c6 6. Nf3 Nbd7 7. Bd3 dxc4 8.
Bxc4 b5 {So kommt Schwarz sehr schnell zur Entwicklung am Damenflügel - wenn
auch auf Kosten einer gewissen Schwächung.} 9. Bd3 Bb7 10. O-O a6 11. a4 ({
Agressiver war} 11. e4 c5 12. e5 {Es ist nicht leicht, in dieser
zweischneidigen Stellung, die beste Verteidigung für Schwarz anzugeben. Ich
habe diese Stellung lange analysiert, ohne zu einem abschließenden Ergebnis zu
kommen.} c4 {Ein Versuch, die Stellung geschlossen zu halten, da die
Alternativen nicht überzeugen.} (12... cxd4 $5 13. exf6 (13. Nxb5 axb5 14. exf6
Bxf6) 13... gxf6 14. Be4 $1 {Dieser Zug führt laut Atalik zu weißem Vorteil.}
Nc5 (14... dxc3 $5 15. Bxb7 cxb2 16. Rb1 fxg5 (16... Rb8 17. Bc6 $18) 17. Bxa8
Qxa8 18. Rxb2) (14... Bxe4 15. Nxe4 fxg5 16. Qxd4 O-O 17. Rad1 Nb6 18. Qe5 Qb8
19. Nf6+ Kh8 20. Qxg5 Nd5 21. Rxd5 exd5 22. Re1 $16) 15. Bxb7 Nxb7 16. Nxd4
fxg5 17. Qf3 $1 $44) (12... Nd5 $2 13. Ne4 $1 {Stellt Schwarz vor das Dilemma,
dass die Doppeldrohung Sd6+ und dxc5 nicht mehr vernünftig zu parieren ist.} f6
(13... O-O 14. dxc5 $1 Nb4 15. Bb1 Bd5 16. Bxe7 Qxe7 17. a3 Nc6 18. Qc2 f5 19.
exf6) 14. exf6 gxf6 15. Bh6 c4 16. Nfg5 $1 Qb6 17. Qh5+ Kd8 18. Nf7+ Kc7 19.
Nxh8 Qxd4 20. Bc2 Qxb2 21. Rfc1 Rxh8 $13) 13. exf6 (13. Bc2 Nd5 14. Bxe7 Qxe7
15. Ne4 O-O) (13. Bb1 Nd5 14. Bxe7 Nxc3 15. bxc3 Qxe7 16. Nd2) 13... gxf6 14.
Bh6 (14. Be4 Bxe4 15. Nxe4 fxg5 16. d5 $44) 14... cxd3 15. Qxd3 f5 $13) 11...
b4 ({Die Alternative} 11... O-O 12. Rc1 (12. Qe2 {mit der Idee Tfc1}) 12... Re8
13. Ne4 {gefällt mir gar nicht.}) 12. Bxf6 $6 ({Der Normalzug war natürlich} 
12. Ne4 $1 c5 ({Atalik hatte zu Unrecht Angst vor der wilden Variante} 12...
Nxe4 13. Bxe7 Nxf2 $5 14. Bxd8 Nxd1 15. Bg5 (15. Raxd1 Rxd8 16. Ng5 Nf6 17. Rc1
) 15... Nxb2 16. Be2 Nb6 $1 17. a5 (17. Rfb1 N6xa4 18. Rxa4 Nxa4 19. Rxb4 Nc3)
17... N6a4 18. Rfb1 c5 19. Ra2 f6 20. Bf4 $1 $16 {Es sieht so aus, als ob
Schwarz nicht genügend Kompensation hat.} (20. Bh4 $2 c4 $1 21. Rbxb2 Nxb2 22.
Rxb2 c3 $17)) 13. Bxf6 (13. Nxc5 Bxc5 $1 14. dxc5 Nxc5 15. Bc4 Qxd1 16. Rfxd1
Nfe4 17. Bf4 Rc8 $1 18. Nd2 Nxd2 19. Rxd2 Nxa4 $1 20. Be2 Nc5 21. Rc1 O-O)
13... gxf6 14. dxc5 Nxc5 15. Nxc5 Bxc5 $14) 12... gxf6 $1 ({Nach dem ungenauen
} 12... Bxf6 13. Ne4 {kommt Weiß zum gewünschten Druck auf c5.}) 13. Ne4 f5 14.
Ned2 c5 {Meiner Meinung nach ist die Stellung nun bereits sehr angenehm für
Schwarz. Weiß hat mit seinen letzten Zügen nicht verhindert, dass sich Schwarz
mit c5 befreit.} 15. e4 {Ein Versuch, das schwarze Bauernskelett so schnell
wie möglich zu sprengen.} (15. Qe2 cxd4 16. exd4 Nf6) 15... c4 $1 {Offen
gestanden kam mir der weiße Plan immer "ruinöser" vor, da nun nicht das
schwarze, sondern das weiße Zentrum gesprengt wird, aber es gibt noch eine
versteckte Ressource.} 16. Bb1 $1 (16. Bc2 $2 c3 17. bxc3 bxc3 $17) 16... c3 (
16... fxe4 {war möglich, aber weniger konsequent, denn dann kommen die weißen
Figuren wieder gut ins Spiel.} 17. Bxe4 Bxe4 (17... Bd5 18. Qe2 Nf6 19. Bxd5
exd5 20. Rfe1) 18. Nxe4 $14 Nf6 $1 19. Nxf6+ Bxf6 20. Qe2 Qd5 $13) 17. bxc3
bxc3 18. Qb3 {Doppelangriff auf den Lb7 und den Bauern auf c3 - das war die
Pointe von 16.Lb1.} cxd2 $1 {Der freche Bauer kämpft sich unbeirrt immer
weiter nach vorne, obwohl es ihm an Unterstützung aus dem eigenen Lager zu
fehlen scheint.} ({Hochinteressant ist die Alternative} 18... Qc7 19. Rc1 Rc8
20. Bd3 $1 {und scheinbar gehen die Verwicklungen zugunsten von Weiß aus.} (20.
exf5 Bd5 21. Qd1 Qb7 22. fxe6 fxe6 23. Nf1) 20... Nf6 $1 {Unter Bauernopfer
kehrt Schwarz den Spieß um, und reißt die Initiative an sich.} 21. exf5 (21. e5
Ne4) 21... Bd5 22. Qd1 Qb7 $44) 19. Qxb7 {[#]} Nc5 $3 {Die Gegenpointe! Nun
zeigt sich, dass der Bauer auf d2 nicht schwach sondern stark ist!} 20. Qc6+ ({
Der Rückzug} 20. Qb2 $5 {sieht nicht weniger riskant aus, führt aber gerade
noch zu einer unklaren Stellung.} fxe4 (20... Rb8 $2 21. Qc3 fxe4 22. Bxe4 Nxe4
23. Qc6+) (20... Nxe4 21. Bxe4 fxe4 22. Nxd2 Qd5 (22... Bf6 23. Rad1 $1 Bxd4
24. Qc2 $1 $14) 23. Rfe1 f5 24. Nf1 O-O 25. Ne3 Qd7) 21. dxc5 (21. Nxd2 Bf6 22.
Bxe4 Nxe4 23. Nxe4 Bxd4 24. Qa3) 21... Bf6 (21... d1=Q $2 22. Qxh8+ Bf8 23.
Bxe4 $18) 22. Qxd2 Qxd2 (22... exf3 23. Qxd8+ Rxd8 24. Ra2 Rd4 $13) 23. Nxd2
Bxa1 24. Bxe4 Rd8 $13) (20. dxc5 $4 d1=Q $19) 20... Kf8 {Nun ist die weiße
Dame gefangen - und das mitten auf dem Brett!} 21. exf5 $1 {Ruiniert Schwarz
wenigstens noch die Bauernstruktur und macht das beste aus der Stellung.} ({
Ich erwartete eher} 21. Nxd2 Rc8 22. Qxc8 Qxc8 23. dxc5 fxe4 $1) (21. a5 $2 Rc8
22. Qb6 fxe4 $1 $17) 21... Rc8 22. Qxc8 Qxc8 23. dxc5 exf5 {Danach hat Weiß am
Königsflügel die deutlich gesündere Bauernstruktur - was ihm letztlich zum
Remis verhelfen wird.} (23... Rg8 $5 24. fxe6 Qc6 25. exf7 Rg7 26. Ra3) 24. Ra2
Qxc5 25. Rxd2 {Im Ergebnis der Abwicklung hat Schwarz die Dame für Turm und
Springer bekommen.} Rg8 $1 {Ich wollte erst Kg7 nebst Td8 spielen, doch dann
kam mir der Textzug stärker vor, weil der Turm sofort ins Geschehen eingreift.}
26. g3 $6 (26. Rfd1 Rg6 27. Rd5 Rd6 $1) 26... Rg4 $1 {Der Turm schlängelt sich
geschickt ins Spiel - erst über die g-Linie und dann über die vierte Reihe!}
27. Rfd1 Rxa4 28. Rd5 Qb6 {Der Plan für Schwarz besteht darin, ein Turmpaar zu
tauschen, und dann mit dem a-Bauern loszustürmen.} 29. Ne5 (29. Bxf5 Ra2 30.
Nd4 $1 Bf6 31. Bxh7 a5) 29... Qb2 30. Bxf5 Ra1 31. Rxa1 Qxa1+ 32. Kg2 a5 33.
Nc6 (33. Bxh7 a4) 33... a4 {Mehr konnte man eigentlich nicht aus der Stellung
holen, aber Atalik behält kühlen Kopf.} 34. Nxe7 $1 {Wahrscheinlich das
stärkste, da Schwarz mit der bloßen Dame nicht mehr gewinnen kann.} (34. Ra5
Bd6 35. Bxh7 a3 36. Be4 Qc3 37. Bd5 Bc5 $17) 34... Kxe7 35. Rd7+ Ke8 (35... Kf6
36. Bxh7) (35... Kf8 36. Bxh7 a3 37. Be4 Qe5 38. Bb1 Qb2 39. Rd1 $11) 36. Ra7
a3 (36... Qd4 37. Ra5 Qb4 38. Ra7 Kf8 39. Bxh7 a3 40. Bb1 $11) 37. Bxh7 Qc3 (
37... Qb2 38. Bg8) ({Scheinbar gewinnt} 37... a2 {doch nach} 38. Bg8 $1 Kf8 39.
Bxf7 Qd4 40. Rxa2 Kxf7 41. Re2 $11 {kommt Schwarz nicht weiter.}) 38. Be4 Qb3
39. Ra5 $11 a2 40. Bd5 Qxd5+ 41. Rxd5 a1=Q 42. Rf5 Qa8+ 43. Kg1 Ke7 44. Rf4 {
Das bekannte Festungsmotiv.} Ke6 45. Rh4 f5 46. Rf4 Ke5 47. Rh4 {Eine von
Anfang bis Ende spannende Partie!} 1/2-1/2

[Event "Monaco m2"]
[Site "Monte Carlo"]
[Date "1996.??.??"]
[Round "5"]
[White "Lautier, Joel"]
[Black "Piket, Jeroen"]
[Result "1/2-1/2"]
[WhiteElo "2620"]
[BlackElo "2580"]
[Annotator "Huebner,R"]
[PlyCount "96"]
[EventDate "1996.11.29"]
[EventType "match"]
[EventRounds "8"]
[EventCountry "MNC"]
[SourceTitle "CBM 056"]
[Source "ChessBase"]
[SourceDate "1997.02.01"]
[SourceVersion "1"]
[SourceVersionDate "1997.02.01"]
[SourceQuality "1"]

1. d4 d5 2. c4 c6 3. Nf3 Nf6 4. Nc3 a6 5. a4 e6 6. Bg5 h6 7. Bh4 Nbd7 8. e3 Be7
9. Bd3 O-O 10. O-O c5 ({I Die Fortsetzung} 10... dxc4 11. Bxc4 Nd5 12. Bg3 Nb4
13. e4 {sieht nicht attraktiv für Schwarz aus.}) ({II} 10... a5 {mag in
Betracht kommen.}) 11. cxd5 Nxd5 12. Bg3 {Jetzt erreicht Weiß mit diesem Zug
nicht viel, weil sein weißfeldriger Läufer gejagt werden kann. Die Fortsetzung}
(12. Bxe7 Nxe7 (12... Qxe7 13. Nxd5 exd5 14. dxc5 Nxc5 15. Nd4 $16 {gibt dem
Weißen einen bequemen und dauerhaften Vorteil.}) 13. Bc2 {verspricht dem
Weißen eine leichte Initiative.}) 12... Nb4 13. Bc4 cxd4 14. exd4 (14. Nxd4 $5)
14... Nb6 15. Bb3 Bd7 16. Ne5 Rc8 17. Qg4 N4d5 $2 (17... Bc6 {scheint mir eine
plausible Fortsetzung zu sein. Opfer auf e6 oder f7 scheinen nicht
durchzuschlagen, und} 18. Bf4 {wird mit} Bg5 {pariert.}) 18. Bxd5 exd5 19. Nxd7
Nxd7 $2 (19... f5 20. Qg6 Qxd7 21. Qxb6 f4 {bot Rettungsaussichten.}) 20. Nxd5
Nf6 21. Nxe7+ $4 (21. Qxc8 $18) 21... Qxe7 22. Qf3 Qd7 23. Be5 Nd5 24. Rac1 f6
25. Bg3 Rxc1 26. Rxc1 Rd8 27. Qb3 Qf7 28. h3 g5 29. Rc5 Kg7 30. h4 Rd7 31. Qf3
Qe6 32. Kh2 Ne7 33. Qe3 Qg4 34. f3 Nf5 35. fxg4 Nxe3 36. Kh3 Rxd4 37. hxg5 hxg5
38. Rxg5+ Kf7 39. Rc5 Rxa4 40. Rc7+ Kg6 41. Rxb7 Nxg4 42. b3 Re4 43. Ra7 Ne3
44. Rxa6 Rb4 45. Ra3 Nc2 46. Ra2 Ne3 47. Rb2 Nc4 48. Rc2 Na5 1/2-1/2

[Event "Horgen"]
[Site "Horgen"]
[Date "1995.10.23"]
[Round "3"]
[White "Jussupow, Artur"]
[Black "Vaganian, Rafael A"]
[Result "1/2-1/2"]
[WhiteElo "2680"]
[BlackElo "2645"]
[Annotator "Jussupow,A"]
[PlyCount "49"]
[EventDate "1995.10.??"]
[EventType "tourn"]
[EventRounds "11"]
[EventCountry "SUI"]
[EventCategory "17"]
[SourceTitle "CBM 050"]
[Source "ChessBase"]
[SourceDate "1996.02.01"]
[SourceVersion "1"]
[SourceVersionDate "1996.02.01"]
[SourceQuality "1"]

1. d4 d5 2. c4 e6 3. Nc3 Be7 4. Nf3 Nf6 5. Bg5 O-O 6. Rc1 h6 7. Bh4 b6 8. cxd5
Nxd5 9. Nxd5 exd5 10. Bxe7 Qxe7 11. g3 Bf5 {D53/11/(50)} 12. Bg2 Be4 13. O-O c5
14. dxc5 (14. Qa4 Nd7 15. Rc3 Rfb8 16. dxc5 bxc5 17. Qa3 Rb4 $10 {
Rashkovsky-Azmaiparashvili/USSR/1982/34/(523)}) (14. Ne5 Bxg2 15. Kxg2 f6 16.
Nf3 c4 17. Re1 b5 18. e4 dxe4 19. Nh4 Qd7 20. b3 Nc6 $14 {Gligoric-Rukavina/
Yugoslavia/1971/-11/440}) 14... bxc5 15. Nh4 Bxg2 (15... Nd7 $6 16. Bxe4 Qxe4
17. Qc2 Rfe8 18. Rfd1 $16 {Yusupov-Dutreeuw/Moscow/ol/1994/CBM45}) 16. Nxg2 (
16. Kxg2 d4 17. Qd3 Nd7 $132 (17... Nc6 18. Nf5 Qe5 19. f4 Qd5+ 20. e4)) 16...
d4 17. e3 {+/=/ECO} (17. Qc2 Nd7 18. e3 Rac8 $13) (17. b4 cxb4 18. Qxd4 Rd8 $1
19. Qe3 (19. Qb2 Nd7 $10) 19... Qxe3 20. Nxe3 a5 $10) 17... Nc6 $1 $146 18. Qc2
(18. Qh5 f5 $1 $13 (18... Ne5 19. exd4 cxd4 20. Rce1 f6 21. f4 Qf7 22. Qxf7+
Nxf7 23. Rd1 $16 (23. Rf2 $16)) 19. exd4 Nxd4 20. Rfe1 Qb7 21. Nh4 $13) 18...
dxe3 $1 (18... Ne5 19. Qxc5 Qf6 (19... Qxc5 $5 20. Rxc5 Nf3+ 21. Kh1 d3 (21...
Nd2 22. Rd1 Ne4 23. Rf5 $16) 22. Rd1 Rab8 (22... Rac8 23. Rc3 $1 $16) (22... d2
23. Nh4 Rac8 24. Rc3 Rxc3 25. bxc3 Nxh4 26. gxh4 Rc8 27. Rxd2 Rxc3 28. Rd8+ Kh7
29. Rd7 $16) 23. Rf5 (23. b3 Rfc8) 23... Ng5 24. b3 Rfd8 25. Nf4 d2 26. Rd5 Ne4
27. Kg2 Nc3 28. R1xd2 Nxd5 29. Nxd5 $44) 20. Rfd1 $1 $16) 19. fxe3 (19. Nxe3 $6
Nd4 20. Qxc5 (20. Nf5 Ne2+ $17) 20... Qe4 $17) (19. Qxc5 $2 e2 20. Rfe1 Qxc5
21. Rxc5 Nd4) 19... Nb4 20. Qxc5 Qxc5 21. Rxc5 Nxa2 22. Rc7 Rab8 23. Rf2 a5 24.
Ra7 Nb4 25. Rxa5 $10 (25. Nf4 $5 Ra8 26. Rd7 $1 Rfd8 27. Rfd2 Rxd7 28. Rxd7 a4
$10) 1/2-1/2

[Event "Belgrade Investbank"]
[Site "Belgrade"]
[Date "1991.??.??"]
[Round "?"]
[White "Jussupow, Artur"]
[Black "Beliavsky, Alexander G"]
[Result "1/2-1/2"]
[WhiteElo "2625"]
[BlackElo "2655"]
[Annotator "Jussupow,A"]
[PlyCount "47"]
[EventDate "1991.11.??"]
[EventType "tourn"]
[EventRounds "11"]
[EventCountry "YUG"]
[EventCategory "15"]
[SourceTitle "CBM 027"]
[Source "ChessBase"]
[SourceDate "1992.04.01"]
[SourceVersion "1"]
[SourceVersionDate "1992.04.01"]
[SourceQuality "1"]

1. d4 d5 2. c4 e6 3. Nf3 Nf6 4. Nc3 Be7 5. Bg5 h6 6. Bh4 O-O 7. Rc1 dxc4 8. e3
c5 9. Bxc4 cxd4 10. exd4 Qb6 $5 {N} 11. O-O Nc6 (11... Qxb2 $4 12. Nb5 $18) (
11... Rd8 12. Qe2 Nc6 13. d5 exd5 14. Bxf6 Bxf6 15. Nxd5 Qxb2 16. Rc2) 12. Qd2
(12. d5 exd5 13. Bxf6 Bxf6 14. Nxd5 Qd8 $10) 12... Rd8 13. Rfd1 Bd7 14. Qe2 (
14. d5 $5) 14... Nh5 (14... Na5 15. Bd3 Bc6 16. Ne4 (16. Ne5) (16. Bg3) (16.
Be4) 16... Bxe4 17. Bxe4 Nc6 (17... Nxe4 18. Bxe7 Rd7 19. Qxe4 Rxe7 20. d5 Qxb2
21. Qa4 $16) 18. Bxc6 bxc6 19. Ne5 Rac8 20. Qf3 (20. Rc4 c5 21. dxc5 Rxd1+ 22.
Qxd1 Rxc5 23. Bxf6 $16) 20... Rxd4 21. Rxd4 Qxd4 22. Bxf6 Qxb2 (22... Bxf6 23.
Nxc6 Qd7 (23... Qxb2 24. Ne7+ Kh7 25. Qd3+ $18) 24. b4 $16) 23. Bg5 Bxg5 24.
Qxf7+ Kh8 25. Re1 $16) 15. d5 (15. Bxe7 Nxe7 $10) 15... Nf4 $1 16. Qe1 (16. Qe4
Bxh4 17. Nxh4 (17. Qxf4 Bxf2+ 18. Kh1 Be3 $17) 17... Nxd5 18. Bxd5 exd5 19.
Nxd5 Qxb2 20. Ne7+ Nxe7 21. Qxe7 Qf6 22. Rxd7 Rxd7 23. Qxd7 Qxh4 24. Qxb7 Qd8
$10) (16. Qd2 Bxh4 (16... Nxd5 17. Bxd5 Bxh4 18. Nxh4 exd5 19. Nxd5 Qa5) 17.
dxc6 (17. Nxh4 exd5 18. Bxd5) 17... Bxc6 18. Qxf4 Bxf2+ 19. Kh1 Be3) 16... exd5
$1 (16... Nxd5 $4 17. Bxd5 $18) (16... Bxh4 17. dxc6 Nxg2 (17... Qxc6 18. Bb5
Nh3+ 19. gxh3 (19. Kf1 $2 Qxb5+) 19... Qxf3 20. Bxd7 Qxh3 21. Ne4 $18) 18. Kxg2
Bxc6 19. Ne4 Bxe4 20. Qxe4 Qxf2+ 21. Kh1 Rxd1+ 22. Rxd1 Bf6 23. Qxb7 $16) 17.
Bxe7 Nxe7 (17... dxc4 $2 18. Bxd8 Qxd8 19. Qe3 Nd3 20. Rc2 $16) 18. Qxe7 Ng6 $1
19. Nxd5 (19. Qxf7+ $2 Kxf7 20. Nxd5 Qxb2 21. Nf4+ Be6 $17) 19... Nxe7 20. Nxb6
axb6 21. Ne5 Be8 22. Bb3 (22. f4 $142) 22... Nc6 $1 $10 23. Nxc6 (23. Nc4 Nd4
24. Nxb6 Ne2+ 25. Kh1 Nxc1 26. Nxa8 Rxd1+ 27. Bxd1 Nxa2 $10) 23... bxc6 24. f4
$10 1/2-1/2

[Event "Dortmund SuperGM 23rd"]
[Site "Dortmund"]
[Date "1995.07.16"]
[Round "3"]
[White "Kramnik, Vladimir"]
[Black "Beliavsky, Alexander G"]
[Result "1-0"]
[WhiteElo "2730"]
[BlackElo "2650"]
[Annotator "Kortschnoj,V"]
[PlyCount "89"]
[EventDate "1995.07.14"]
[EventType "tourn"]
[EventRounds "9"]
[EventCountry "GER"]
[EventCategory "17"]
[SourceTitle "CBM 048"]
[Source "ChessBase"]
[SourceDate "1995.10.01"]
[SourceVersion "1"]
[SourceVersionDate "1995.10.01"]
[SourceQuality "1"]

1. Nf3 {Von Gleich} d5 2. d4 Nf6 3. c4 e6 4. Nc3 Be7 5. Qc2 O-O (5... c5 $1 6.
dxc5 d4 $13) 6. Bg5 Nbd7 7. Rd1 dxc4 $6 (7... c6 {Von Gleich} 8. e3 a6 {
Orthodoxe Tempo-Kampf-Variante}) 8. e4 Nb6 $6 (8... c5 $5) 9. h4 Nfd7 (9... Qe8
$5) 10. Be2 Re8 11. Be3 c6 12. e5 Nf8 (12... Qc7 {Von Gleich}) 13. Ne4 Bd7 14.
O-O f5 (14... Bxh4 15. Nd6 $16 (15. Nxh4 {Von Gleich} Qxh4 16. Bg5 $18)) (14...
h6 {Von Gleich}) 15. exf6 gxf6 16. Bh6 Ng6 17. Nc5 Qc7 18. Bxc4 $16 Nxc4 19.
Qxc4 Bf8 20. Bxf8 Nxf8 21. Rfe1 Re7 22. Qc3 Rae8 23. Ne4 Rf7 24. d5 $1 e5 25.
dxc6 Qxc6 26. Nd6 $18 Qxc3 27. bxc3 Re6 28. Nxf7 Kxf7 29. Nd2 Ra6 30. Ne4 Bc6 (
30... Rxa2 {Von Gleich} 31. Nd6+ Ke7 32. Nxb7) 31. Rd6 Nd7 32. Red1 Ke7 33.
R6d2 (33. Rxd7+ {Von Gleich} Bxd7 34. Rxd7+ Kxd7 35. Nc5+ Kc6 36. Nxa6 bxa6 37.
Kf1 Kd5 38. Ke2 Kc4 39. Kd2 f5) 33... Ra3 34. f3 Ba4 35. Rc1 Bc6 36. Nd6 Nc5
37. Nc4 Ra4 38. Ne3 Ne6 39. Rcd1 Kf7 40. Nf5 Nc5 41. Rd8 Rxa2 42. h5 Ne6 43.
Rh8 Ng5 44. Rc8 Rxg2+ 45. Kf1 1-0